Elaboración de una técnica legislativa que mejore la normativa tributaria (Registro nro. 22726)

Detalles MARC
000 -LEADER
fixed length control field 00353 a2200109 4500
001 - CONTROL NUMBER
control field ART_6327
005 - DATE AND TIME OF LATEST TRANSACTION
control field 20260410161825.0
008 - FIXED-LENGTH DATA ELEMENTS--GENERAL INFORMATION
fixed length control field 260409a
100 1# - MAIN ENTRY--PERSONAL NAME
Personal name Suarez, Raúl Héctor
245 10 - TITLE STATEMENT
Title Elaboración de una técnica legislativa que mejore la normativa tributaria
773 0# - HOST ITEM ENTRY
Title FACES
Related parts - Año 6, Nº 7 (ene./abr. 2000)
Record control number REV5046

No hay ítems disponibles.